¡Risas y lágrimas! (Record no. 157133)

MARC details
000 -LEADER
campo de control de longitud fija 00963nam a22001935i 4500
001 - NÚMERO DE CONTROL
campo de control 157133
003 - IDENTIFICADOR DE NÚMERO DE CONTROL
campo de control ES-MaACL
005 - FECHA Y HORA DE LA ÚLTIMA TRANSACCIÓN
campo de control 20250824063054.0
008 - DATOS DE LONGITUD FIJA--INFORMACIÓN GENERAL
campo de control de longitud fija 020312s1878 sp |||| | spa d
040 ## - FUENTE DE CATALOGACIÓN
Centro catalogador/agencia de origen CAM
Lengua de catalogación spa
Centro/agencia transcriptor CAM
100 1# - ENTRADA PRINCIPAL--NOMBRE DE PERSONA
Nombre de persona Larra y Wetoret, Luis Mariano de,
Fechas asociadas al nombre 1830-1901
9 (RLIN) 70289
245 11 - MENCIÓN DEL TÍTULO
Título ¡Risas y lágrimas!
Resto del título : comedia en tres actos y en verso /
Mención de responsabilidad, etc. por Luis Mariano de Larra.
260 ## - PUBLICACIÓN, DISTRIBUCIÓN, ETC.
Lugar de publicación, distribución, etc. Madrid :
Nombre del editor, distribuidor, etc. [s.n.],
Fecha de publicación, distribución, etc. 1878 (
Fabricante Imprenta de José Rodriguez)
300 ## - DESCRIPCIÓN FÍSICA
Extensión 96 p. ;
Dimensiones 20 cm.
500 ## - NOTA GENERAL
Nota general En port.: Representada por primera vez en el teatro de la Comedia, el día 1º de febrero de 1878.
596 ## - NOTA AL PIE DE IMPRENTA
NOTA AL PIE DE IMPRENTA En verso de port. consta: "... de la galería Lírico-Dramática titulada El Teatro, de Alonso Gullon ..."
852 ## - LOCALIZACIÓN
Ubicación ES-MaACL
Número de control de estantería F-8610(12)
Nota libre -- Enc. pasta española
condición física -- Falto de la cub. original
Nota libre -- Enc. en un vol. facticio formando parte de la col. facticia "Teatro español moderno", vol. 65
Holdings
Estatus retirado Estado de pérdida Estado de daño No para préstamo Colección Biblioteca de origen Biblioteca actual Ubicación en estantería Fecha de adquisición Total de préstamos Signatura topográfica completa Código de barras Visto por última vez Precio de reemplazo Tipo de ítem Koha
        Libros del s. XIX Biblioteca del Ateneo de Madrid Biblioteca del Ateneo de Madrid Sala Pecera Planta 2 17/01/2008   F-8610(12) 1164409 23/02/2023 23/02/2023 Libro impreso antiguo